000 00316nam a22001337a 4500
008 170619b xxu||||| |||| 00| 0 eng d
020 _a9780393302127
041 _aeng
080 _a94(7/8)
100 _a18
101 _aSHP
245 _aMEVITABLE REVOLUTIONS THE UNITED STATES
_cLAFEBER.W
942 _2udc
_cBK
999 _c18097
_d18097